10 most powerful militaries 2022 - Statistics

General Stats
  • This quiz has been taken 54 times
  • The average score is 9 of 10
Answer Stats
Answer % Correct
Russia
100%
China
98%
India
96%
France
94%
Japan
92%
USA
88%
South Korea
81%
UK
79%
Turkey
67%
Italy
65%
No matching quizzes found
Score Distribution
Percent of People with Each Score
Percentile by Number Answered
Your Score History
You have not taken this quiz